Normal view
MARC view
Entry Personal Name
001 - CONTROL NUMBER
- control field: 88800
003 - CONTROL NUMBER IDENTIFIER
- control field: dpl
005 - DATE AND TIME OF LATEST TRANSACTION
- control field: 20260327121654.0
008 - FIXED-LENGTH DATA ELEMENTS
- fixed length control field: 260327|| aca||aabn | a|a d
040 ## - CATALOGING SOURCE
- Original cataloging agency: dpl
- Transcribing agency: dpl
100 ## - HEADING--PERSONAL NAME
- Personal name: Coutinho, V.B
670 ## - SOURCE DATA FOUND
- Source citation: Work cat.: (dpl)215786: Coutinho, V.B, V.D. Mahajan's Jurisprudence and Legal Theory/, 2023
